| 000 | 00954nam0a22002771 4500 | ||
|---|---|---|---|
| 001 | rc\3464871 | ||
| 005 | 20130115124739.7 | ||
| 021 |
_aRU _b[71-53258] |
||
| 035 | _a(NLR Aleph) 007897331 | ||
| 090 |
_a8015952 _c8015952 |
||
| 100 | _a20130115d1971 |||y0rusy50 ca | ||
| 101 | 0 | _arus | |
| 102 | _aRU | ||
| 105 | _aa z ||||| | ||
| 200 | 1 |
_aБукварь _e[Для первого класса бурят. школы] |
|
| 205 | _a3-е изд., перераб. | ||
| 210 |
_aУлан-Удэ _cБурят. кн. изд-во _d1971 |
||
| 215 |
_a100 с., 3 отд. л. "Разрезная азбука" _cил. _d22 |
||
| 300 | _aНа пер. авт. не указан | ||
| 606 |
_aРусский язык _jБуквари для нерусских школ _2psbo |
||
| 700 | 1 |
_aОлзоев _bК. А. _gКирилл Андреевич |
|
| 801 | 0 |
_aRU _bNLR _gpsbo |
|
| 801 | 1 |
_aRU _bELAR _2rusmarc |
|
| 852 |
_aNLR _j71-5/3147 |
||
| 942 | _cBOOK | ||
| 980 | _aNB | ||